| 000 | 00413nam a2200157Ia 4500 | ||
|---|---|---|---|
| 008 | 151213s9999 xx 000 0 und d | ||
| 100 | _aJames Van Itorme | ||
| 245 |
_aFundamental of Financial Management _cJames Van Itorme |
||
| 250 | _a12th | ||
| 260 |
_aDelhi _bPrentic Hall _c2006 |
||
| 300 | _a4205 p. | ||
| 650 | _aFinance | ||
| 650 | _aManagement Computer | ||
| 700 | _aJames Van Itorme | ||
| 999 |
_c2629 _d2629 |
||